000 00316pab a2200133 454500
008 180718b1989 xxu||||| |||| 00| 0 eng d
245 _aReview of agriculture
260 _c1989
300 _aA-94-151
362 _a30 Sep.
650 _aAgriculture - India
773 _aEconomic and Political Weekly
909 _a3702
999 _c3702
_d3702